| Поле | Название | Значение |
| |
Тип записи |
a |
| |
Библиографический уровень |
m |
| 001 |
Контрольный номер |
RU/УГОНБ/EK/103726 |
| 005 |
Дата корректировки |
20260423103257.9 |
| 010 |
Индекс ISBN |
__ |
| a |
ISBN |
5-903135-01-3 |
| d |
Цена |
45 р. |
| 9 |
Тираж |
1000 экз. |
| 100 |
Данные общей обработки |
__ |
| a |
Данные общей обработки |
20070109d2006 u u0rusy0189 ca |
| 101 |
Язык документа |
0_ |
| a |
Язык текста |
rus |
| 105 |
Кодированные данные (монография) |
__ |
| a |
Кодированные данные (монография) |
y z 000yy |
| 200 |
Заглавие и сведения об ответственности |
1_ |
| a |
Заглавие |
Гражданам об их политических правах |
| f |
Первые сведения об ответственности |
А. Ю. Бузин, А. Е. Любарев, А. В. Иванченко, В. В. Саладников |
| g |
Последующие сведения об ответственности |
редактор А. В. Иванченко |
| 210 |
Выходные данные |
1_ |
| a |
Место издания |
Москва |
| c |
Издательство |
Фонд "Либеральная миссия" |
| d |
Дата издания |
2006 |
| 215 |
Физическое описание |
__ |
| a |
Объем |
419 с. |
| d |
Формат |
21 см |
| 225 |
Серия |
1_ |
| a |
Серия |
Исследования Фонда "Либеральная миссия" |
| 320 |
Библиография |
__ |
| a |
Библиография |
Библиогр. в подстроч. примеч. |
| 606 |
Тематические рубрики |
0_ |
| a |
Основная рубрика |
Политические права и свободы |
| x |
Основная подрубрика |
Российская Федерация |
| 610 |
Ключевые слова |
0_ |
| a |
Ключевые слова |
права граждан |
| 610 |
Ключевые слова |
0_ |
| a |
Ключевые слова |
политические права |
| 610 |
Ключевые слова |
0_ |
| a |
Ключевые слова |
избирательное право |
| 610 |
Ключевые слова |
0_ |
| a |
Ключевые слова |
общественные объединения |
| 610 |
Ключевые слова |
0_ |
| a |
Ключевые слова |
собрания народные |
| 686 |
Индексы других классификаций |
__ |
| a |
Классификационный индекс |
67.620.323 |
| 2 |
Код системы |
rubbk |
| 701 |
Альтернативная интеллектуальная ответственность |
_1 |
| a |
Фамилия |
Бузин |
| b |
Имя (инициалы) |
А. Ю. |
| 701 |
Альтернативная интеллектуальная ответственность |
_1 |
| a |
Фамилия |
Любарев |
| b |
Имя (инициалы) |
А. Е. |
| 701 |
Альтернативная интеллектуальная ответственность |
_1 |
| a |
Фамилия |
Иванченко |
| b |
Имя (инициалы) |
А. В. |
| 701 |
Альтернативная интеллектуальная ответственность |
_1 |
| a |
Фамилия |
Саладников |
| b |
Имя (инициалы) |
В. В. |
| 702 |
Вторичная интеллектуальная ответственность |
_1 |
| a |
Фамилия |
Иванченко |
| b |
Имя (инициалы) |
А. В. |
| 4 |
Код отношения |
340 |
| 801 |
Источник записи |
_0 |
| a |
Страна |
RU |
| b |
Организация |
Ульяновская ОНБ |
| c |
Дата составления |
20070109 |
| g |
Правила каталогизации |
RCR |
| 801 |
Источник записи |
_1 |
| a |
Страна |
RU |
| b |
Организация |
Ульяновская ОНБ |
| c |
Дата составления |
20070109 |
| g |
Правила каталогизации |
RCR |
| 901 |
Тип документа |
__ |
| t |
Тип документа |
m |
| 910 |
Корректоры записи |
__ |
| a |
Корректор записи |
Седова |
| b |
Дата внесения изменения в запись |
20260423 |
| 970 |
Признак ограниченного доступа |
__ |
| a |
Фамилия |
Бузин |
| b |
Имя (инициалы) |
А. Ю. |
| g |
Полное личное имя |
Андрей Юрьевич |
| f |
|
Иностранный агент (физическое лицо) |
| e |
|
20.04.2026 |
| 996 |
Контроль за деятельностью лиц, находящихся под иностранным влиянием |
__ |
| b |
Текстовое указание |
НАСТОЯЩИЙ МАТЕРИАЛ (ИНФОРМАЦИЯ) ПРОИЗВЕДЁН, РАСПРОСТРАНЁН И (ИЛИ) НАПРАВЛЕН ИНОСТРАННЫМ АГЕНТОМ БУЗИНЫМ АНДРЕЕМ ЮРЬЕВИЧЕМ ЛИБО КАСАЕТСЯ ДЕЯТЕЛЬНОСТИ ИНОСТРАННОГО АГЕНТА БУЗИНА АНДРЕЯ ЮРЬЕВИЧА |